Gregorio y yo (Record no. 18024)
[ view plain ]
| 000 -LEADER | |
|---|---|
| campo de control de longitud fija | 00837nam a2200253 i 4500 |
| 001 - NÚMERO DE CONTROL | |
| campo de control | 18024 |
| 003 - IDENTIFICADOR DE NÚMERO DE CONTROL | |
| campo de control | ES-MaACL |
| 005 - FECHA Y HORA DE LA ÚLTIMA TRANSACCIÓN | |
| campo de control | 20230906151736.0 |
| 007 - CAMPO FIJO DE DESCRIPCIÓN FÍSICA--INFORMACIÓN GENERAL | |
| campo de control de longitud fija | t| |
| 008 - DATOS DE LONGITUD FIJA--INFORMACIÓN GENERAL | |
| campo de control de longitud fija | 010801s2000 sp ||||0| spa d |
| 020 ## - NÚMERO INTERNACIONAL ESTÁNDAR DEL LIBRO | |
| Número Internacional Estándar del Libro | 84-8191-312-X |
| 080 ## - NÚMERO DE LA CLASIFICACIÓN DECIMAL UNIVERSAL | |
| Número de la Clasificación Decimal Universal | 929 Martínez Sierra, Gregorio |
| 080 ## - NÚMERO DE LA CLASIFICACIÓN DECIMAL UNIVERSAL | |
| Número de la Clasificación Decimal Universal | 929 Martínez Sierra, María |
| 100 1# - ENTRADA PRINCIPAL--NOMBRE DE PERSONA | |
| Nombre de persona | Martínez Sierra, María, |
| Fechas asociadas al nombre | 1874-1974 |
| 9 (RLIN) | 78430 |
| 245 10 - MENCIÓN DEL TÍTULO | |
| Título | Gregorio y yo |
| Resto del título | : medio siglo de colaboración / |
| Mención de responsabilidad, etc. | María Martínez Sierra ; edición de Alda Blanco. |
| 260 ## - PUBLICACIÓN, DISTRIBUCIÓN, ETC. | |
| Lugar de publicación, distribución, etc. | Valencia : |
| Nombre del editor, distribuidor, etc. | Pre-Textos, |
| Fecha de publicación, distribución, etc. | [2000] |
| 300 ## - DESCRIPCIÓN FÍSICA | |
| Extensión | 394 p. ; |
| Dimensiones | 19 cm. |
| 500 ## - NOTA GENERAL | |
| Nota general | En el lomo: 448. |
| 600 14 - PUNTO DE ACCESO ADICIONAL DE MATERIA--NOMBRE DE PERSONA | |
| Nombre de persona | Martínez Sierra, Gregorio, |
| Fechas asociadas al nombre | 1881-1947 |
| 9 (RLIN) | 78429 |
| 600 14 - PUNTO DE ACCESO ADICIONAL DE MATERIA--NOMBRE DE PERSONA | |
| Nombre de persona | Martínez Sierra, María, |
| Fechas asociadas al nombre | 1874-1974 |
| 9 (RLIN) | 78430 |
| 700 1# - ENTRADA AGREGADA--NOMBRE PERSONAL | |
| Nombre de persona | Blanco, Alda. |
| 9 (RLIN) | 29167 |
| 852 4# - LOCALIZACIÓN | |
| Ubicación | ES-MaACL |
| Número de control de estantería | L-24759 |
| Estatus retirado | Estado de pérdida | Estado de daño | No para préstamo | Biblioteca de origen | Biblioteca actual | Ubicación en estantería | Fecha de adquisición | Fuente de adquisición | Total de préstamos | Signatura topográfica completa | Código de barras | Visto por última vez | Fecha del último préstamo | Precio de reemplazo | Tipo de ítem Koha |
|---|---|---|---|---|---|---|---|---|---|---|---|---|---|---|---|
| Biblioteca del Ateneo de Madrid | Biblioteca del Ateneo de Madrid | Depósito 2 | 17/01/2008 | 1 | L-24759 | 1018416 | 28/05/2026 | 14/04/2026 | 23/02/2023 | Libro impreso |
